000 00433nam a2200181Ia 4500
001 22857
005 20260414150858.0
008 260414t2015||||xx |||||||||||||| ||spa||
041 _aESP
082 _a624.15136
_bG37
100 _aGerscovich, Denise M.S.
_eAUT
245 0 _aEstabilidad de taludes
_b
260 _c2015
300 _axvii, 199 páginas :
_c24 cm.
650 _a0
654 _aCIC
942 _cLIB
_dJUS
_fJUS
_2ddc
_n
999 _c22857
_d22857